000 00656nam a22002177a 4500
003 UA-OsUOA
001 99039
007 ta
008 20130423b un ||||| |||| 00| 0 ukr d
100 _aНазарець В.
090 _a82
_bН19
942 _cSA
040 _aUA-OsUOA
_bukr
_cUA-OsUOA
_dUA-OsUOA
245 _aЖанрово-тематичні різновиди послання в українській адресованій ліриці ХІХ - ХХ століть
300 _aС.55-64
955 _a0
041 _aukr
080 _a82
773 0 _w99030
650 7 _a82 Література. Літературознавство
_2UDC
999 _c385263
_d385263